000 00371nam a2200157Ia 4500
001 32645
003 Ost
005 20260507160502.0
008 251113s9999||||xx |||||||||||||| ||eng||
040 _cnitttr
041 _aeng
082 _aTK5105.55
100 _aQin, Yang
245 0 _aNetwork Coding at Different Layers in Wireless Networks /
_cQin, Yang
942 _cBK
999 _c32309
_d32309